| 000 | 00745nam a2200265Ia 4500 | ||
|---|---|---|---|
| 003 | OSt | ||
| 005 | 20221006155050.0 | ||
| 006 | a|||||r|||| 00| 0 | ||
| 007 | ta | ||
| 008 | 221006b |||||||| |||| 00| 0 chi d | ||
| 020 |
_a9787229031121 _cYuan 19.00 |
||
| 024 | _a40,253 | ||
| 037 |
_bGift, PRC _cTextual |
||
| 040 |
_aEASL _cEASL _bchi |
||
| 041 |
_2chi _achi |
||
| 082 | _aO42y7M960aV41, Q0 | ||
| 100 |
_aWang Min _9668238 |
||
| 245 | 0 | _aGongzexianzhi yu zhongguo = Miyazawa Kenji and China | |
| 260 |
_aChong _bQing Chongqingshi China _c2010 |
||
| 300 |
_a222p. _ccm. |
||
| 490 | _v CL | ||
| 650 |
_aCL _9642733 |
||
| 942 |
_hO42y7M960aV41, Q0 _cTEXL _2CC |
||
| 999 |
_c1108339 _d1108339 |
||